Statistics for Speed Typing 60 Words in One Minute

Click here to take the quiz!

General Stats

  • This quiz has been taken 927 times
  • The average score is 47 of 60

Answer Stats

Answer% Correct
goinggoing
99%
WhenWhen
99%
fromfrom
98%
citiescities
97%
alongalong
96%
steepsteep
95%
towardtoward
95%
mightmight
94%
otherother
94%
pathspaths
94%
therethere
94%
townstowns
94%
fastfast
93%
seemseem
93%
thatthat
93%
walkswalks
93%
andand
92%
beatbeat
92%
casualcasual
92%
moremore
91%
trackstracks
91%
windywindy
91%
beyondbeyond
89%
thisthis
89%
finalfinal
88%
pointpoint
88%
underunder
88%
whichwhich
88%
five,five,
87%
maybemaybe
87%
forfor
86%
peoplepeople
86%
six,six,
86%
waitwait
84%
youryour
83%
arrivalarrival
81%
beforebefore
78%
sunsetsunset
78%
oror
77%
sundrysundry
76%
darkdark
75%
hourshours
72%
whilewhile
70%
timetime
69%
belowbelow
68%
skysky
67%
withoutwithout
64%
cloudsclouds
61%
cancan
60%
staystay
59%
quietquiet
55%
withinwithin
52%
somesome
49%
navynavy
47%
bluishbluish
43%
blackishblackish
39%
gloomgloom
37%
awaitingawaiting
34%
dawn'sdawn's
32%
light.light.
30%

Score Distribution

Percentile by Number Answered

Percent of People with Each Score

Your Score History

You have not taken this quiz